000 00334 a2200157 4500
001 162164
020 _a
040 _cMagnum
100 _aLuz, Ivam
240 1 0 _aBombaboa a bomba que tinha coracao
_lpor
245 1 0 _aBombaboa a bomba que tinha coracao
362 0 _a1899
440 1 _aLĂȘ
697 _aI/GERAL
942 _cBK
999 _c162164
_d162164